Religion Quiz

Random Religion or Book Quiz

Bible Books by First 3 Letters Quiz Stats

Quiz Updated Nov 25, 2014

Challenge
Share
Tweet
Embed
Score 0/66 Timer 02:00
30 Plays Today
Book % Correct
Genesis
94.5%
John
89.7%
1 John
89.6%
3 John
89.6%
2 John
89.4%
Exodus
86.3%
Matthew
86.1%
Mark
86%
Luke
84.3%
Leviticus
79.6%
Deuteronomy
78.9%
Numbers
76.5%
Psalms
73.7%
Ruth
71.2%
Revelation to John
68.6%
1 Corinthians
67.2%
2 Corinthians
67.2%
Jude
66.1%
Judges
66.1%
1 Kings
65.6%
2 Kings
65.5%
Acts
65.4%
Job
61%
Romans
59%
Joshua
57.4%
1 Samuel
54.5%
2 Samuel
54.5%
Proverbs
54.1%
Esther
52.4%
Song of Solomon
51.3%
1 Chronicles
50.3%
2 Chronicles
50.3%
1 Peter
50.1%
Book % Correct
2 Peter
50.1%
Philippians
48.7%
Philemon
48.7%
Isaiah
48.5%
1 Thessalonians
47.1%
2 Thessalonians
47.1%
Ephesians
46.4%
Colossians
46.1%
Galatians
45.2%
1 Timothy
44.9%
2 Timothy
44.9%
Daniel
42%
Ezekiel
41.9%
Jonah
41%
Ecclesiastes
40.9%
Ezra
40.2%
Jeremiah
40.1%
James
39.8%
Nehemiah
36.7%
Malachi
36.7%
Hebrews
36%
Zechariah
35.2%
Lamentations
34.5%
Titus
34.5%
Amos
33.8%
Habakkuk
33.5%
Micah
32.6%
Zephaniah
32%
Obadiah
30.9%
Joel
30.2%
Hosea
29.6%
Haggai
29.1%
Nahum
26.3%

You're not logged in!

Compare scores with friends on all Sporcle quizzes.
Join for Free
OR
Log In

You Might Also Like...

Show Comments

Extras

Top Quizzes Today


Score Distribution

Your Account Isn't Verified!

In order to create a playlist on Sporcle, you need to verify the email address you used during registration. Go to your Sporcle Settings to finish the process.

Report this User

Report this user for behavior that violates our Community Guidelines.

Details: